00350nam a2200157Ia 4500003000400000005001700004008004100021020001900062040000700081041000800088082001300096100001100109245004300120260001700163650001200180OSt20251017100808.0250729s2005 xx 000 0 und d a978-8128633218 cAL aeng a900 DISB aDisney aBog book of facts-history of the world aMumbaic2005 aHistory